000 00904nam a2200217Ia 4500
999 _c36296
_d36296
001 2203
003 GE_BSU
005 20190520183746.0
008 181216s||||||||xx |||||||||||||| ||und||
040 _cGE_BSU
041 _ageo
080 _a902(479.22) ლ–85
100 _aლორთქიფანიძე, ოთარ.
_91433
245 _aრა საიდუმლოს ინახავს ვანი /
_cწინასიტყვ. ავტ. ირ. აბაშიძე
264 _a ქუთაისი :
_bსაბჭ. საქართველო,
_c1984.
300 _a122გვ.;
_b19 სმ.
653 _aსაქართველოს სიძველენი
653 _aვანის არქეოლოგიური გათხრები
700 _aაბაშიძე, ირ.
_eწინას. ავორი
_91434
942 _cBK
_2udc